000 00340nam a22001457a 4500
008 230512b ||||| |||| 00| 0 eng d
020 _a9780130920140
041 _aeng
080 _2SECOND EDITION
_a51
082 _a51GRE
100 _a20
101 _aMATE
245 _aA MAPLE APPROACH TO CALCULUS
_cGRESSER . T. J
942 _2udc
_cBK
999 _c59686
_d59686